| 000 | 00430nam a2200145 a 4500 | ||
|---|---|---|---|
| 001 | 8794 | ||
| 005 | 20180713192741.0 | ||
| 008 | 140415s1988 000 0 spa d | ||
| 041 | _aspa | ||
| 082 |
_a634.9751 _bSIM |
||
| 245 | 0 | 0 | _aSEGUNDO SIMPOSIO NACIONAL SOBRE PINOS PIÑONEROS, MEXICO... |
| 260 |
_a[s.l.] : _bCENTRE DETUDES MEXICANES ET CENTRAMERICAINES, _c1988 |
||
| 300 | _a311 | ||
| 650 | 1 | 4 |
_aARBOLES _xPINOS |
| 999 |
_c8794 _d8794 |
||